Cyclisme : Top 20 de L'Amstel Gold Race 2025 - Statistiques

Statistiques générales
  • Ce quiz a été pris 37 fois
  • Le résultat moyen est 13 sur 20
Statistiques - réponses
Position Equipe Coureur % Correct
2eme UAE Team Emirates Tadej Pogacar
100%
3eme Soudal Quick Step Remco Evenepoel
97%
9eme Q36.5 Thomas Pidcock
97%
1er Lidl Trek Mattias Skjelmose
91%
7eme Groupama FDJ Romain Gregoire
88%
4eme Visma Lease a Bike Wout Van Aert
88%
10eme EF Education Easypost Ben Healy
82%
8eme Visma Lease a Bike Tiesj Benoot
82%
19eme Groupama FDJ Valentin Madouas
82%
5eme Jayco AlUla Michael Matthews
79%
20eme Tudor Julian Alaphilippe
70%
6eme Intermarché Wanty Louis Barré
67%
13eme EF Education Easypost Neilson Powless
61%
11eme UAE Team Emirates Brandon McNulty
58%
12eme Lidl Trek Thibau Nys
42%
14eme Israel Premier Tech Joseph Blackmore
39%
15eme Jayco AlUla Mauro Schmid
30%
16eme Alpecin Deceuninck Quinten Hermans
15%
18eme Intermarché Wanty Alexander Kamp
6%
17eme Israel Premier Tech Alexey Lutsenko
3%
Aucun quiz correspondant
Distribution des résultats
% des personnes avec chaque résultat
Percentile par nombre de réponses
Votre historique - résultats
Vous n’avez pas pris ce quiz